[Event "Pau op"]
[Site "Pau"]
[Date "2007.11.??"]
[Round "1"]
[White "Camguilhem, Jean Philippe"]
[Black "Saucey, Michel"]
[Result "1/2-1/2"]
[WhiteElo "1820"]
[BlackElo "2324"]
[PlyCount "51"]
[EventDate "2007.11.??"]
[EventType "swiss"]
[EventRounds "5"]
[EventCountry "FRA"]
[SourceTitle "CBM 121 Extra"]
[Source "ChessBase"]
[SourceDate "2008.01.10"]
[SourceVersion "1"]
[SourceVersionDate "2008.01.10"]
[SourceQuality "1"]

1. e4 c5 2. c3 d5 3. exd5 Qxd5 4. d4 Nf6 5. Nf3 Nc6 6. Be2 e6 7. Be3 cxd4 8. Nxd4 Nxd4 9. Bxd4 Be7 10. 0-0 e5 11. Be3 0-0 12. Nd2 Qc6 13. h3 Nd5 14. Bc4 Be6 15. Qe2 Rfc8 16. Bb3 b5 17. Nf3 f6 18. Rac1 a5 19. c4 Nxe3 20. cxb5 Qd7 21. Qxe3 Rxc1 22. Rxc1 a4 23. Rd1 Qc8 24. Rc1 Qd7 25. Rd1 Qc8 26. Rc1 1/2-1/2